000 00682nam a2200289Ia 4500
005 20260324145810.0
008 008 260324s9999 xx 000 0 eng d
020 _a9780429302473
037 _aEBOOK
040 _aCRL
040 _beng
040 _cCRL
041 _2eng
041 _aeng
084 _qCRL
100 _aDavid M Lampton
_91224230
245 4 _aThe Politics of Medicine in China
245 4 _bThe Policy Process 1949-1977
260 _bTaylor and Francis
260 _c1978
365 _a
365 _b220
856 _uhttp://www.taylorfrancis.com/books/9780429302473
942 _cEBOOK
999 _c1832635
_d1832635